[Event "22. Copenhagen Open  (Politiken Cup)"]
[Site "Copenhagen"]
[Date "2000.07.20"]
[Round "4"]
[White "Jorgensen, Brian"]
[Black "Andersen, Preben"]
[Result "1/2-1/2"]
[WhiteElo "2227"]
[BlackElo "2030"]
[PlyCount "94"]
[EventDate "2000.07.17"]
[EventType "swiss"]
[EventRounds "11"]
[EventCountry "DEN"]
[SourceDate "2004.01.01"]

1. d4 Nf6 2. c4 c5 3. e3 g6 4. Nc3 Bg7 5. Nf3 O-O 6. Be2 cxd4 7. exd4 d5 8. O-O
dxc4 9. Bxc4 Nbd7 10. Bb3 Nb6 11. d5 Qc7 12. Qe2 a6 13. Re1 Re8 14. Ne5 e6 15.
d6 Qxd6 16. Bf4 Qe7 17. Bg5 Nbd7 18. Nc4 b5 19. Na5 Qc5 20. Ne4 Nxe4 21. Qxe4
Rb8 22. Bf4 e5 23. Rac1 Qd6 24. Red1 Qf6 25. Be3 Nf8 26. Rc7 Ne6 27. Ra7 Qf5
28. Qd5 e4 29. Qc6 Rf8 30. Bd5 Bxb2 31. Qc2 Qf6 32. Nc6 Rb7 33. Ra8 Rc7 34. Bh6
Nd4 35. Qxe4 Nxc6 36. Bxf8 Kxf8 37. Bxc6 Rxc6 38. Qb4+ Kg7 39. h4 Qc3 40. Qe4
Qf6 41. h5 Qe6 42. Qf4 gxh5 43. Qg5+ Qg6 44. Qd8 Qg4 45. f3 Qe6 46. Qg5+ Qg6
47. Qd8 Qe6 1/2-1/2

[Event "22. Copenhagen Open  (Politiken Cup)"]
[Site "Copenhagen"]
[Date "2000.07.20"]
[Round "4"]
[White "Jorgensen, Morten S"]
[Black "Hau, Helge"]
[Result "0-1"]
[WhiteElo "1223"]
[BlackElo "1427"]
[PlyCount "94"]
[EventDate "2000.07.17"]
[EventType "swiss"]
[EventRounds "11"]
[EventCountry "DEN"]
[SourceDate "2004.01.01"]

1. d4 f5 2. g3 Nf6 3. Bg2 c6 4. Nf3 g6 5. c4 Bg7 6. Nc3 O-O 7. O-O e6 8. Rb1
Ne4 9. Qd3 d5 10. c5 h6 11. Bf4 Nd7 12. b4 b5 13. Qc2 a5 14. a3 Ndf6 15. Be5
Rf7 16. Rb2 Rfa7 17. e3 axb4 18. axb4 Bd7 19. Nd2 Nxd2 20. Qxd2 Ra3 21. h3 Kf7
22. Rfb1 R8a6 23. Kh2 h5 24. Ne2 g5 25. Qc2 Bh6 26. Nc1 g4 27. h4 Ne4 28. Bxe4
fxe4 29. Nb3 R6a4 30. Nc1 Qa8 31. Kg2 Kg8 32. Ne2 Qf8 33. Bf4 Bg7 34. Bd6 Qf3+
35. Kh2 Qxf2+ 36. Kh1 Rxe3 37. Nf4 Qf3+ 38. Qg2 Qxg2+ 39. Kxg2 Bxd4 40. Rc2
Raa3 41. Nxh5 Rf3 42. Nf4 Rxg3+ 43. Kh2 e5 44. Ne2 Rgd3 45. Rf1 Rh3+ 46. Kg2
Raf3 47. Rxf3 exf3+ 0-1

[Event "22. Copenhagen Open  (Politiken Cup)"]
[Site "Copenhagen"]
[Date "2000.07.20"]
[Round "4"]
[White "Jorgensen, Orla Eilegaard"]
[Black "Bogdanov, Max"]
[Result "1-0"]
[WhiteElo "1297"]
[BlackElo "1067"]
[PlyCount "59"]
[EventDate "2000.07.17"]
[EventType "swiss"]
[EventRounds "11"]
[EventCountry "DEN"]
[SourceDate "2004.01.01"]

1. Nf3 d5 2. d4 Nf6 3. c4 c6 4. Nc3 Bf5 5. cxd5 cxd5 6. Bf4 e6 7. e3 Bd6 8.
Bxd6 Qxd6 9. Bb5+ Nbd7 10. O-O O-O 11. h3 h6 12. Rc1 a6 13. Be2 Rac8 14. a3 Qe7
15. b4 Rc7 16. Nxd5 Nxd5 17. g4 Bh7 18. h4 Rfc8 19. Rxc7 Rxc7 20. Bd3 Bxd3 21.
Qxd3 Rc3 22. Qe2 Rxa3 23. g5 h5 24. g6 fxg6 25. Ng5 N7f6 26. Qc2 Qe8 27. Rc1
Ne7 28. Nxe6 Kh7 29. Qc4 Qd7 30. Nf8+ 1-0

[Event "22. Copenhagen Open  (Politiken Cup)"]
[Site "Copenhagen"]
[Date "2000.07.20"]
[Round "4"]
[White "Keeling, Geoff"]
[Black "Bromann, Thorbjorn"]
[Result "1/2-1/2"]
[WhiteElo "2073"]
[BlackElo "2261"]
[PlyCount "44"]
[EventDate "2000.07.17"]
[EventType "swiss"]
[EventRounds "11"]
[EventCountry "DEN"]
[SourceDate "2004.01.01"]

1. e4 e6 2. Nf3 d5 3. Nc3 Bb4 4. a3 Bxc3 5. dxc3 Nf6 6. e5 Ne4 7. Bd3 f5 8.
exf6 Nxf6 9. O-O Qd6 10. Re1 O-O 11. Bg5 Nc6 12. Qe2 Bd7 13. Bh4 Rae8 14. Bg3
e5 15. Nxe5 Nxe5 16. Bxe5 Qb6 17. Qd2 Ng4 18. Bg3 Rxe1+ 19. Rxe1 Qxb2 20. Qg5
Nf6 21. Bxc7 Qxa3 22. Be5 Qe7 1/2-1/2

[Event "22. Copenhagen Open  (Politiken Cup)"]
[Site "Copenhagen"]
[Date "2000.07.20"]
[Round "4"]
[White "Keeling, Karen"]
[Black "Nicolaisen, Erik"]
[Result "1-0"]
[WhiteElo "1680"]
[BlackElo "2035"]
[PlyCount "77"]
[EventDate "2000.07.17"]
[EventType "swiss"]
[EventRounds "11"]
[EventCountry "DEN"]
[SourceDate "2004.01.01"]

1. c4 e5 2. g3 Nf6 3. Bg2 c6 4. e4 Bc5 5. Ne2 Qb6 6. O-O Ng4 7. d4 exd4 8. Nf4
Ne5 9. a3 a5 10. Nd3 Nxd3 11. Qxd3 Be7 12. f4 d6 13. Nd2 Nd7 14. Nf3 c5 15. e5
Qc7 16. Re1 dxe5 17. fxe5 Nf8 18. Bg5 Ne6 19. Bxe7 Qxe7 20. b4 axb4 21. axb4
Rxa1 22. Rxa1 b6 23. Nh4 g6 24. Bc6+ Bd7 25. Ra7 Nd8 26. Rxd7 Qg5 27. Rd6+ Nxc6
28. Rxc6 O-O 29. Nf3 Qc1+ 30. Kg2 Ra8 31. Qe4 Ra2+ 32. Kh3 Qf1+ 33. Kh4 Rf2 34.
Rf6 h6 35. Qb7 g5+ 36. Kg4 Qxc4 37. e6 d3+ 38. Kh5 d2 39. Qxf7+ 1-0

[Event "22. Copenhagen Open  (Politiken Cup)"]
[Site "Copenhagen"]
[Date "2000.07.20"]
[Round "4"]
[White "Lilja, Richard"]
[Black "Kristensen, Jonas Rune"]
[Result "1-0"]
[WhiteElo "2080"]
[BlackElo "1696"]
[PlyCount "63"]
[EventDate "2000.07.17"]
[EventType "swiss"]
[EventRounds "11"]
[EventCountry "DEN"]
[SourceDate "2004.01.01"]

1. Nc3 Nf6 2. e4 d6 3. Bc4 c6 4. a4 g6 5. d3 Bg7 6. Nge2 O-O 7. Bb3 e5 8. Bg5
h6 9. Bh4 g5 10. Bg3 Nh5 11. f3 Nf4 12. Bxf4 exf4 13. g3 Bh3 14. Rg1 Nd7 15. d4
Kh8 16. Qd2 c5 17. gxf4 cxd4 18. Nxd4 Qf6 19. Nde2 gxf4 20. O-O-O Ne5 21. Qxf4
Nxf3 22. Rg3 Qxf4+ 23. Nxf4 Be5 24. Ncd5 Ng5 25. Nxh3 Bxg3 26. Nxg5 Bxh2 27.
Rh1 hxg5 28. Rxh2+ Kg7 29. Rg2 f6 30. Nc7 Rh8 31. Nxa8 Rxa8 32. Bd5 1-0

[Event "22. Copenhagen Open  (Politiken Cup)"]
[Site "Copenhagen"]
[Date "2000.07.20"]
[Round "4"]
[White "Lonborg, Morten"]
[Black "Rasmussen, Uffe"]
[Result "0-1"]
[WhiteElo "2166"]
[BlackElo "1884"]
[PlyCount "90"]
[EventDate "2000.07.17"]
[EventType "swiss"]
[EventRounds "11"]
[EventCountry "DEN"]
[SourceDate "2004.01.01"]

1. d4 e6 2. c4 f5 3. g3 Nf6 4. Bg2 Bb4+ 5. Bd2 Bxd2+ 6. Nxd2 O-O 7. h4 Nc6 8.
Ndf3 Qe7 9. a3 d6 10. d5 Nd8 11. dxe6 Nxe6 12. Nh3 a5 13. O-O a4 14. Rc1 Bd7
15. Nfg5 Nc5 16. Nf4 Rae8 17. e3 Bc6 18. Nd5 Nxd5 19. cxd5 Bb5 20. Re1 h6 21.
Nh3 Qe5 22. Rc3 Re7 23. Nf4 Rf6 24. h5 Ne4 25. Rc2 Be8 26. Ng6 Rxg6 27. hxg6
Bxg6 28. Bxe4 fxe4 29. Qd4 Qf5 30. Rec1 Rf7 31. Qd2 Bh5 32. f4 exf3 33. Qf2 Bg4
34. Rxc7 Rf6 35. R7c4 g5 36. Rxa4 Bh3 37. Ra8+ Kg7 38. Rc7+ Kg6 39. Rc1 Bg2 40.
Rg8+ Kh5 41. Rc2 Qh3 42. g4+ Kxg4 43. Qxg2+ fxg2 44. Rxg2+ Kf3 45. Rf2+ Kg3 0-1

[Event "22. Copenhagen Open  (Politiken Cup)"]
[Site "Copenhagen"]
[Date "2000.07.20"]
[Round "4"]
[White "Mikhalevski, Victor"]
[Black "Bekker Jensen, Simon"]
[Result "1/2-1/2"]
[WhiteElo "2532"]
[BlackElo "2388"]
[PlyCount "94"]
[EventDate "2000.07.17"]
[EventType "swiss"]
[EventRounds "11"]
[EventCountry "DEN"]
[SourceDate "2004.01.01"]

1. d4 Nf6 2. c4 g6 3. Nc3 Bg7 4. e4 d6 5. Nf3 O-O 6. Be2 e5 7. O-O Na6 8. Re1
c6 9. Bf1 Bg4 10. d5 Nb4 11. Be2 a5 12. Bg5 h6 13. Be3 Bd7 14. g3 cxd5 15. cxd5
Ng4 16. Bd2 Qb6 17. Rf1 Na6 18. Nh4 h5 19. Kg2 Nc5 20. f3 Nf6 21. Rb1 a4 22.
Bc4 Kh7 23. Qe2 Rae8 24. Bb5 Bh6 25. Bxh6 Kxh6 26. b4 axb3 27. axb3 Bxb5 28.
Qxb5 Qxb5 29. Nxb5 Rd8 30. Rfc1 Na6 31. Rc3 Rd7 32. Rbc1 Rfd8 33. Rc4 Ne8 34.
Kf1 Re7 35. Na7 Nec7 36. b4 Ra8 37. b5 Rxa7 38. b6 Ra8 39. bxc7 Rc8 40. Rb1
Rcxc7 41. Rxc7 Rxc7 42. Rb6 Rd7 43. Ng2 Kg7 44. Ne3 Kf8 45. Nc4 Ke7 46. Ke2 Nc5
47. Ke3 Na4 $11 1/2-1/2

[Event "22. Copenhagen Open  (Politiken Cup)"]
[Site "Copenhagen"]
[Date "2000.07.20"]
[Round "4"]
[White "Mittelmann, Gur"]
[Black "Ward, Christopher"]
[Result "1/2-1/2"]
[WhiteElo "2419"]
[BlackElo "2508"]
[PlyCount "83"]
[EventDate "2000.07.17"]
[EventType "swiss"]
[EventRounds "11"]
[EventCountry "DEN"]
[SourceDate "2004.01.01"]

1. Nf3 c5 2. c4 Nc6 3. g3 g6 4. d4 cxd4 5. Nxd4 Bg7 6. Nc2 d6 7. Bg2 h5 8. h4
Be6 9. Ne3 Qd7 10. Nc3 Bxc3+ 11. bxc3 Rc8 12. Nd5 Ne5 13. a4 Rxc4 14. a5 Bxd5
15. Bxd5 Rc7 16. Be3 Nf6 17. Bxa7 Rxc3 18. Bg2 Nc6 19. Bb6 Qe6 20. O-O O-O 21.
Qd2 Rc4 22. Rfc1 Rxc1+ 23. Rxc1 d5 24. Rd1 Qe5 25. Qd3 Ra8 26. Qb5 e6 27. e3
Ne4 28. Rc1 Qf5 29. Bxe4 dxe4 30. Qxf5 gxf5 31. Rd1 Rc8 32. Rd7 Ne5 33. Rxb7
Nf3+ 34. Kg2 Rc1 35. a6 Rg1+ 36. Kh3 Ne1 37. Kh2 Nf3+ 38. Kh3 Rh1+ 39. Kg2 Rh2+
40. Kf1 Rh1+ 41. Kg2 Rg1+ 42. Kh3 1/2-1/2

[Event "22. Copenhagen Open  (Politiken Cup)"]
[Site "Copenhagen"]
[Date "2000.07.20"]
[Round "4"]
[White "Mortensen, Erling"]
[Black "Baburin, Alexander"]
[Result "1/2-1/2"]
[WhiteElo "2438"]
[BlackElo "2590"]
[PlyCount "48"]
[EventDate "2000.07.17"]
[EventType "swiss"]
[EventRounds "11"]
[EventCountry "DEN"]
[SourceDate "2004.01.01"]

1. e4 Nf6 2. e5 Nd5 3. d4 d6 4. Nf3 Bg4 5. c4 Nb6 6. exd6 exd6 7. Nc3 Be7 8.
Be3 Nc6 9. h3 Bxf3 10. Qxf3 O-O 11. h4 a5 12. O-O-O a4 13. c5 Nd7 14. a3 dxc5
15. dxc5 Qc8 16. Bb5 Bxc5 17. Bxa4 Nde5 18. Qe4 Bxe3+ 19. Qxe3 Qg4 20. Bc2 Rad8
21. f4 Ng6 22. g3 Nge7 23. Rxd8 Rxd8 24. Rd1 Rxd1+ 1/2-1/2

[Event "22. Copenhagen Open  (Politiken Cup)"]
[Site "Copenhagen"]
[Date "2000.07.20"]
[Round "4"]
[White "Moller, Arne"]
[Black "Hansen, Henrik Michael"]
[Result "0-1"]
[WhiteElo "2026"]
[BlackElo "2119"]
[PlyCount "96"]
[EventDate "2000.07.17"]
[EventType "swiss"]
[EventRounds "11"]
[EventCountry "DEN"]
[SourceDate "2004.01.01"]

1. e4 e5 2. Nc3 Nf6 3. Nf3 d6 4. d4 Nbd7 5. Bb5 c6 6. Ba4 b5 7. Bb3 Be7 8. a3
O-O 9. O-O Qc7 10. Bg5 exd4 11. Nxd4 Nc5 12. Ba2 Bd7 13. Re1 Rae8 14. Bf4 Ne6
15. Nxe6 fxe6 16. Bg3 Kh8 17. Qe2 e5 18. h3 g6 19. Rad1 Nh5 20. Bh2 Nf4 21. Qd2
Rf6 22. Ne2 g5 23. Qc3 Ref8 24. Nxf4 gxf4 25. Rd3 Qc8 26. Red1 Qe8 27. f3 Qh5
28. R3d2 Rg6 29. Kh1 Rff6 30. b4 Rg5 31. Qd3 Kg7 32. Qf1 Rfg6 33. c4 bxc4 34.
Bxc4 Kf8 35. Rb1 Bd8 36. Rbb2 Bb6 37. Bg1 Bxh3 38. Bh2 Be3 39. Re2 Bd7 40. Rxe3
fxe3 41. f4 exf4 42. Qxf4+ Ke7 43. Qf7+ Kd8 44. Qf8+ Kc7 45. Be2 Qh4 46. Bf1
Rh5 47. g3 Qxg3 48. Rg2 Rxh2+ 0-1

[Event "22. Copenhagen Open  (Politiken Cup)"]
[Site "Copenhagen"]
[Date "2000.07.20"]
[Round "4"]
[White "Molvig, Henrik"]
[Black "Hansen, Herluf"]
[Result "0-1"]
[WhiteElo "2224"]
[BlackElo "2047"]
[PlyCount "118"]
[EventDate "2000.07.17"]
[EventType "swiss"]
[EventRounds "11"]
[EventCountry "DEN"]
[SourceDate "2004.01.01"]

1. d4 Nf6 2. c4 e6 3. Nf3 b6 4. g3 Ba6 5. Nbd2 Bb7 6. Bg2 c5 7. O-O cxd4 8. Nb3
Be7 9. Nbxd4 a6 10. b3 O-O 11. Bb2 d6 12. e3 Re8 13. Ne2 Nbd7 14. Nc3 Rc8 15.
Re1 Qc7 16. Rc1 Qb8 17. Nd4 Nc5 18. e4 Bf8 19. f3 g6 20. Rc2 Bg7 21. Rce2 Red8
22. Kh1 h6 23. Rd2 Kh7 24. Ba1 Ncd7 25. Nc2 Ne5 26. Ne3 Ba8 27. f4 Nc6 28. Qe2
Nd7 29. Red1 Nc5 30. Ng4 h5 31. Nf2 Ne7 32. Bb2 Kg8 33. Re1 Nc6 34. Ncd1 Bxb2
35. Nxb2 b5 36. Nh3 bxc4 37. Nxc4 Ne7 38. e5 Bxg2+ 39. Qxg2 dxe5 40. fxe5 Rxd2
41. Qxd2 Rd8 42. Qe2 Nf5 43. Ng5 Nd3 44. Rf1 Rd4 45. Rxf5 exf5 46. e6 f6 47. e7
Qe8 48. Qe6+ Kg7 49. Nb6 fxg5 50. Nd5 Rxd5 51. Qxd5 Nf2+ 52. Kg2 Ne4 53. Qe6
Nf6 54. a4 Qa8+ 55. Kg1 a5 56. Qe5 Kf7 57. b4 Qa7+ 58. Kf1 Qf2+ 59. Kxf2 Ng4+
0-1

[Event "22. Copenhagen Open  (Politiken Cup)"]
[Site "Copenhagen"]
[Date "2000.07.20"]
[Round "4"]
[White "Nedergaard, Klaus"]
[Black "Hansen, Morten Lyck"]
[Result "0-1"]
[WhiteElo "1012"]
[BlackElo "1812"]
[PlyCount "78"]
[EventDate "2000.07.17"]
[EventType "swiss"]
[EventRounds "11"]
[EventCountry "DEN"]
[SourceDate "2004.01.01"]

1. e4 c6 2. d4 d5 3. e5 Bf5 4. Nf3 e6 5. c3 c5 6. Bd3 Bxd3 7. Qxd3 Nc6 8. Be3
cxd4 9. cxd4 Qb6 10. Qb3 Qxb3 11. axb3 Nge7 12. O-O Nf5 13. Rd1 Bb4 14. Nc3 O-O
15. Bf4 Rac8 16. Rd3 Bxc3 17. bxc3 a6 18. b4 Na7 19. Rb1 Nb5 20. Rb3 Rc7 21.
Bd2 Ne7 22. Be1 Nc8 23. Nd2 Nb6 24. Nb1 Rfc8 25. h3 Nc4 26. f4 b6 27. g3 Rb7
28. Kg2 Ra8 29. Nd2 a5 30. bxa5 bxa5 31. Rb1 a4 32. Ra1 Nba3 33. Ra2 Rb2 34.
Ra1 Nc2 35. Rc1 Nxe1+ 36. Rxe1 Rxd2+ 37. Rxd2 Nxd2 38. Rc1 a3 39. Ra1 a2 0-1

[Event "22. Copenhagen Open  (Politiken Cup)"]
[Site "Copenhagen"]
[Date "2000.07.20"]
[Round "4"]
[White "Nicolaisen, Jeppe"]
[Black "Kragh, Niels Kristian"]
[Result "1-0"]
[WhiteElo "2040"]
[BlackElo "1966"]
[PlyCount "97"]
[EventDate "2000.07.17"]
[EventType "swiss"]
[EventRounds "11"]
[EventCountry "DEN"]
[SourceDate "2004.01.01"]

1. e4 c5 2. Nc3 Nc6 3. f4 g6 4. Nf3 Bg7 5. Bb5 Nd4 6. Bd3 e6 7. Nxd4 cxd4 8.
Nb5 d6 9. c3 dxc3 10. dxc3 Ke7 11. O-O a6 12. Nd4 Nf6 13. Qe2 Re8 14. e5 Nd7
15. exd6+ Kf8 16. Be3 Nf6 17. Nb3 Nd5 18. Rad1 Kg8 19. Be4 Bd7 20. Bxd5 exd5
21. Rxd5 Bb5 22. c4 Rxe3 23. Qxe3 Bxc4 24. Rd2 Bxf1 25. Kxf1 Bxb2 26. Rxb2 Qxd6
27. Rd2 Qc6 28. Nd4 Re8 29. Nxc6 Rxe3 30. Nd4 Kg7 31. Kf2 Re7 32. Kf3 Kf6 33.
g4 h6 34. h4 Rc7 35. Ne2 Kg7 36. Rb2 Re7 37. f5 gxf5 38. gxf5 Re5 39. Kf4 Re7
40. Ng3 Rd7 41. Ne4 Rc7 42. Rg2+ Kh8 43. Nf6 Rc8 44. Ke5 Rd8 45. Rg4 b5 46. Nh5
Rd2 47. Kf6 Rf2 48. Rf4 Rxa2 49. Kxf7 1-0

[Event "22. Copenhagen Open  (Politiken Cup)"]
[Site "Copenhagen"]
[Date "2000.07.20"]
[Round "4"]
[White "Nielsen, Anders Bodholt"]
[Black "Nilsson, Nils Specht"]
[Result "1-0"]
[WhiteElo "2055"]
[BlackElo "2188"]
[PlyCount "97"]
[EventDate "2000.07.17"]
[EventType "swiss"]
[EventRounds "11"]
[EventCountry "DEN"]
[SourceDate "2004.01.01"]

1. d4 Nf6 2. g3 c5 3. d5 e5 4. Bg2 d6 5. c4 b5 6. cxb5 a6 7. bxa6 Be7 8. Nc3
O-O 9. e4 Nxa6 10. Nge2 c4 11. O-O Nc5 12. Rb1 Ba6 13. h3 Kh8 14. f4 Nfd7 15.
Kh1 Nd3 16. Be3 Bf6 17. Qd2 Qe7 18. f5 Rfb8 19. Rg1 h6 20. Bf1 Bg5 21. Bxg5
Qxg5 22. Qxg5 hxg5 23. Nd1 Bb5 24. Nec3 N7c5 25. Rg2 Ra5 26. Kg1 Ne1 27. Re2
Ncd3 28. Nxb5 Raxb5 29. Nc3 Rxb2 30. Rbxe1 Nxe1 31. Rxe1 Rc2 32. Re3 Rbb2 33.
Bxc4 Rg2+ 34. Kf1 Rh2 35. Re2 Rh1+ 36. Kg2 Rxe2+ 37. Nxe2 Rd1 38. a4 Rd2 39.
Kf3 Rc2 40. Bb5 Ra2 41. Kg4 f6 42. Nc1 Ra3 43. Nd3 Kg8 44. Nb2 Re3 45. Bd3 Kf8
46. a5 Re1 47. a6 Ra1 48. Bb5 Ke7 49. Na4 1-0

[Event "22. Copenhagen Open  (Politiken Cup)"]
[Site "Copenhagen"]
[Date "2000.07.20"]
[Round "4"]
[White "Nielsen, Borge Hjerrild"]
[Black "Hillarp Persson, Tiger"]
[Result "0-1"]
[WhiteElo "2153"]
[BlackElo "2549"]
[PlyCount "64"]
[EventDate "2000.07.17"]
[EventType "swiss"]
[EventRounds "11"]
[EventCountry "DEN"]
[SourceDate "2004.01.01"]

1. d4 g6 2. Nf3 Bg7 3. g3 Nf6 4. Bg2 O-O 5. O-O d6 6. c4 Nbd7 7. Qc2 e5 8. Rd1
Re8 9. e4 exd4 10. Nxd4 Nc5 11. f3 c6 12. Be3 Qe7 13. Nc3 a5 14. Bf2 h5 15. Re1
h4 16. Rad1 a4 17. Nde2 h3 18. Bh1 Nfd7 19. Bd4 Ne5 20. b3 axb3 21. axb3 Ra3
22. Nb1 Rxb3 23. Bxc5 Rxb1 24. Rxb1 dxc5 25. f4 Ng4 26. Qb3 b5 27. cxb5 Be6 28.
Qa3 cxb5 29. Rxb5 Qd7 30. Qxc5 Rc8 31. Qb4 Qa7+ 32. Rb6 Bf8 0-1

[Event "22. Copenhagen Open  (Politiken Cup)"]
[Site "Copenhagen"]
[Date "2000.07.20"]
[Round "4"]
[White "Nielsen, Carsten Juul"]
[Black "Hansen, Ib Lyns"]
[Result "1-0"]
[WhiteElo "2117"]
[BlackElo "1769"]
[PlyCount "93"]
[EventDate "2000.07.17"]
[EventType "swiss"]
[EventRounds "11"]
[EventCountry "DEN"]
[SourceDate "2004.01.01"]

1. d4 Nf6 2. c4 g6 3. Nc3 d5 4. Bf4 Bg7 5. e3 c6 6. Bd3 O-O 7. h3 dxc4 8. Bxc4
Nd5 9. Bg3 e6 10. Nf3 a5 11. O-O Nd7 12. Rc1 N7b6 13. Be2 a4 14. e4 Nc7 15. Qd2
Qe7 16. Rfd1 Rd8 17. Qe3 a3 18. b3 Ra5 19. d5 Nca8 20. d6 Qf8 21. b4 Rh5 22.
Nh2 Re5 23. f4 Bh6 24. Ng4 Rh5 25. Nf6+ Kh8 26. Nxh5 gxh5 27. Bh4 f6 28. e5
fxe5 29. Qxe5+ Bg7 30. Qg5 Rd7 31. Qxh5 Nd5 32. Nxd5 exd5 33. Be7 Rxe7 34. dxe7
Qxe7 35. Bd3 Bd4+ 36. Kh1 Be3 37. Re1 d4 38. Rc5 Nc7 39. Re5 Qg7 40. Rg5 Qe7
41. Qh4 Nd5 42. Bxh7 Qxh7 43. Rh5 Qxh5 44. Qxh5+ Kg7 45. Qe5+ Kg6 46. g4 Bd7
47. Qd6+ 1-0

[Event "22. Copenhagen Open  (Politiken Cup)"]
[Site "Copenhagen"]
[Date "2000.07.20"]
[Round "4"]
[White "Nielsen, Jan Mose"]
[Black "Rosenberg, Jan"]
[Result "0-1"]
[WhiteElo "2030"]
[BlackElo "1625"]
[PlyCount "74"]
[EventDate "2000.07.17"]
[EventType "swiss"]
[EventRounds "11"]
[EventCountry "DEN"]
[SourceDate "2004.01.01"]

1. d4 Nf6 2. c4 e6 3. Nc3 Bb4 4. Nf3 c5 5. e3 O-O 6. Bd2 d5 7. cxd5 exd5 8. a3
Bxc3 9. Bxc3 c4 10. Qc2 Ne4 11. Bxc4 Nxc3 12. Qxc3 dxc4 13. Qxc4 Be6 14. Qc2
Nc6 15. O-O Rc8 16. Qd2 Na5 17. Rad1 Nc4 18. Qe2 Bg4 19. h3 Bh5 20. g4 Bg6 21.
Rc1 Nd6 22. Ne5 Qe7 23. b4 f6 24. Nf3 h5 25. Nh4 Qf7 26. Qf3 Ne4 27. Qf4 Ng5
28. Kh2 Ne6 29. Qd6 Rcd8 30. Qg3 Bd3 31. Rfd1 Be4 32. f3 Bc6 33. Nf5 Ng5 34. e4
Qa2+ 35. Kg1 Qxa3 36. Ne7+ Kh7 37. Qf4 Nxh3+ 0-1

[Event "22. Copenhagen Open  (Politiken Cup)"]
[Site "Copenhagen"]
[Date "2000.07.20"]
[Round "4"]
[White "Nielsen, Rune"]
[Black "Lardot, Derik"]
[Result "0-1"]
[WhiteElo "1611"]
[BlackElo "2019"]
[PlyCount "56"]
[EventDate "2000.07.17"]
[EventType "swiss"]
[EventRounds "11"]
[EventCountry "DEN"]
[SourceDate "2004.01.01"]

1. d4 d5 2. c4 e5 3. dxe5 d4 4. e3 Bb4+ 5. Bd2 Bc5 6. Qb3 Nc6 7. Nf3 Nge7 8.
Be2 O-O 9. O-O Ng6 10. Rd1 Qe7 11. exd4 Nxd4 12. Nxd4 Bxd4 13. Bb4 Qxe5 14.
Bxf8 Qxe2 15. Qd3 Qxf2+ 16. Kh1 Nf4 17. Qf3 Kxf8 18. Qxf2 Bxf2 19. Nc3 Ne6 20.
Rd2 Bd4 21. Nb5 Be5 22. Re1 f6 23. Rf2 Ke7 24. g4 Bd7 25. Kg2 Bc6+ 26. Kf1 a6
27. Na3 Rd8 28. Rfe2 Rd4 0-1

[Event "22. Copenhagen Open  (Politiken Cup)"]
[Site "Copenhagen"]
[Date "2000.07.20"]
[Round "4"]
[White "Nielsen, Simon Saito"]
[Black "Pedersen, Kaj Vinding"]
[Result "1-0"]
[WhiteElo "2138"]
[BlackElo "1619"]
[PlyCount "113"]
[EventDate "2000.07.17"]
[EventType "swiss"]
[EventRounds "11"]
[EventCountry "DEN"]
[SourceDate "2004.01.01"]

1. d4 Nf6 2. c4 e5 3. dxe5 Ng4 4. Nf3 Nc6 5. a3 Ngxe5 6. Nbd2 g6 7. e3 Bg7 8.
Be2 O-O 9. O-O d6 10. h3 a5 11. Ne1 Nd7 12. Bd3 Nc5 13. Bc2 d5 14. cxd5 Qxd5
15. e4 Qd6 16. Nef3 Re8 17. Re1 Be6 18. Qe2 Rad8 19. Nc4 Qf8 20. Rb1 b5 21. Ne3
b4 22. b3 Nd4 23. Nxd4 Bxd4 24. axb4 axb4 25. Bb2 Qg7 26. Bc1 Bc3 27. Rf1 Bc8
28. f3 Ba6 29. Nc4 f5 30. Bg5 Rd7 31. Kh1 h6 32. Be3 Bd4 33. Bd2 Bc3 34. Be3
Bd4 35. Bd2 Bc3 36. Rbd1 Kh7 37. Be3 Bd4 38. Qf2 Bxe3 39. Qxe3 Qe7 40. Rxd7
Nxd7 41. Qd4 c5 42. Qa1 Bxc4 43. bxc4 f4 44. Ba4 Ra8 45. Qd1 Ne5 46. Bb5 Ra3
47. Qc1 g5 48. Rd1 Nd3 49. Qc2 Rc3 50. Qe2 Qd8 51. Kh2 b3 52. e5 b2 53. e6 Qe7
54. Ba4 Kg6 55. Bc2 Kf6 56. Bxd3 Rc1 57. Qxb2+ 1-0

[Event "22. Copenhagen Open  (Politiken Cup)"]
[Site "Copenhagen"]
[Date "2000.07.20"]
[Round "4"]
[White "Nielsen, Thomas"]
[Black "Schmied, Andreas"]
[Result "0-1"]
[WhiteElo "1809"]
[BlackElo "2155"]
[PlyCount "56"]
[EventDate "2000.07.17"]
[EventType "swiss"]
[EventRounds "11"]
[EventCountry "DEN"]
[SourceDate "2004.01.01"]

1. c4 Nf6 2. Nc3 e5 3. g3 d5 4. cxd5 Nxd5 5. Bg2 Nb6 6. Nf3 Nc6 7. d3 Be7 8.
Be3 Be6 9. O-O O-O 10. Qd2 f6 11. Ne1 Nd5 12. Nc2 Nxe3 13. Qxe3 Qd7 14. Qc1
Rab8 15. Rd1 Nd4 16. e3 Nxc2 17. Qxc2 c5 18. a4 Rfd8 19. a5 Bf8 20. a6 bxa6 21.
Rxa6 Bb3 22. Bd5+ Bxd5 23. Nxd5 Qxd5 24. Rxa7 Qb3 25. Qe2 Qxb2 26. Qg4 Qb3 27.
Rc1 Rxd3 28. Rxc5 Qd1+ 0-1

[Event "22. Copenhagen Open  (Politiken Cup)"]
[Site "Copenhagen"]
[Date "2000.07.20"]
[Round "4"]
[White "Olsen, Miriam Frida"]
[Black "Nielsen, Nicholas Roland"]
[Result "0-1"]
[WhiteElo "1437"]
[BlackElo "1864"]
[PlyCount "78"]
[EventDate "2000.07.17"]
[EventType "swiss"]
[EventRounds "11"]
[EventCountry "DEN"]
[SourceDate "2004.01.01"]

1. e4 c5 2. Nf3 d6 3. d4 cxd4 4. Nxd4 Nf6 5. Nc3 g6 6. Be3 Bg7 7. f3 O-O 8. Qd2
Nc6 9. Bc4 Bd7 10. O-O-O Ne5 11. Bb3 Qa5 12. h4 Rfc8 13. Nde2 Be6 14. Nd5 Qxd2+
15. Rxd2 Nxd5 16. exd5 Bd7 17. h5 a5 18. a3 a4 19. Ba2 Bb5 20. Nc3 Rxc3 21.
bxc3 Bc4 22. Kb1 Ra5 23. Ka1 Nxf3 24. Bxc4 Bxc3+ 25. Ka2 Nxd2 26. Bxd2 Bxd2 27.
hxg6 hxg6 28. Rb1 Rc5 29. Bd3 Rxd5 30. Rxb7 Re5 31. Ra7 Ba5 32. Rb7 f5 33. Bb5
Kf7 34. Bxa4 Re2 35. Rb5 Be1 36. g4 f4 37. Bb3+ Kg7 38. Kb2 f3 39. Bc4 Re4 0-1

[Event "22. Copenhagen Open  (Politiken Cup)"]
[Site "Copenhagen"]
[Date "2000.07.20"]
[Round "4"]
[White "Pedersen, Steen"]
[Black "Ronsted, Torben"]
[Result "1/2-1/2"]
[WhiteElo "1755"]
[BlackElo "2114"]
[PlyCount "89"]
[EventDate "2000.07.17"]
[EventType "swiss"]
[EventRounds "11"]
[EventCountry "DEN"]
[SourceDate "2004.01.01"]

1. e4 c6 2. d4 d5 3. Nc3 dxe4 4. Nxe4 Nd7 5. Ng5 Ngf6 6. Bd3 e6 7. N1f3 h6 8.
Ne4 Nxe4 9. Bxe4 Nf6 10. Qe2 Nxe4 11. Qxe4 Be7 12. Qg4 Bf6 13. O-O Qd5 14. Re1
c5 15. dxc5 Qxc5 16. c3 Bd7 17. Be3 Qa5 18. Nd4 h5 19. Qf3 O-O-O 20. Nb3 Qc7
21. Bxa7 Bc6 22. Qe3 Rd5 23. f3 g5 24. Nd4 Be5 25. Nxc6 Bxh2+ 26. Kh1 bxc6 27.
Bb6 Qd6 28. Qe2 Kb7 29. Bf2 Rd8 30. Qe3 Bf4 31. Qa7+ Kc8 32. Bb6 Rf8 33. c4 Rf5
34. Qa6+ Kd7 35. Rad1 Bd2 36. Re2 Ke7 37. Rexd2 Qf4 38. Qa3+ c5 39. Bxc5+ Kf6
40. Qc3+ Re5 41. Bxf8 Kg6 42. Bd6 Qh4+ 43. Kg1 Re1+ 44. Rxe1 Qxe1+ 45. Kh2
1/2-1/2

[Event "22. Copenhagen Open  (Politiken Cup)"]
[Site "Copenhagen"]
[Date "2000.07.20"]
[Round "4"]
[White "Petersen, Lars"]
[Black "Nilssen, John Arni"]
[Result "0-1"]
[WhiteElo "2097"]
[BlackElo "2354"]
[PlyCount "62"]
[EventDate "2000.07.17"]
[EventType "swiss"]
[EventRounds "11"]
[EventCountry "DEN"]
[SourceDate "2004.01.01"]

1. d4 Nf6 2. Nf3 c5 3. c3 b6 4. Bf4 Ba6 5. Nbd2 e6 6. h3 Be7 7. e3 Bxf1 8. Nxf1
O-O 9. N1d2 Nd5 10. Bh2 f5 11. O-O Nc6 12. c4 Ndb4 13. d5 exd5 14. cxd5 Na5 15.
Nb3 Nxb3 16. Qxb3 d6 17. Rfe1 a5 18. a3 c4 19. Qd1 Nd3 20. Re2 Bf6 21. Rb1 a4
22. e4 Qd7 23. exf5 Qxf5 24. Bxd6 Rfd8 25. Be7 Nf4 26. Re3 Rxd5 27. Qc1 Qg6 28.
g3 Nxh3+ 29. Kg2 Nf4+ 30. Kf1 Bxe7 31. Rxe7 Qd3+ 0-1